| 000 | 00549cam a22002171a 4500 | ||
|---|---|---|---|
| 001 | sa 68016022 | ||
| 003 | DLC | ||
| 005 | 20260227112651.0 | ||
| 008 | 950323s1966 io 000 1 jav | ||
| 010 | _asa 68016022 | ||
| 025 | _aPL480:Indo-4965 | ||
| 035 | _a(OCoLC)32192589 | ||
| 040 |
_aDLC _cWU _dDLC |
||
| 042 | _apremarc | ||
| 050 | 0 | 0 |
_aPL5179.W5 _bK84 |
| 100 | 1 | _aWidajat, Widi. | |
| 245 | 1 | 0 |
_aKurban asmara / _cgambar: Jono S. Wijono. |
| 250 | _aTjap-Tjapan 1. | ||
| 260 |
_aSala : _bP. Kondang, _c1966. |
||
| 300 |
_a38 p. ; _c14 cm. |
||
| 999 |
_c86869 _d86869 |
||